000 00522nam a22002057a 4500
003 koha_MIRAKIL
005 20231213095915.0
008 231213b |||||||| |||| 00| 0 ||| d
020 _b979-9-75408230-1
040 _aTR-IsEVY
_btur
_cTR-IsEVY
082 _a808.06831 BAH/B
100 _aBahadıroğlu, Yavuz.
245 0 _aBaskın
250 _a31. bs.
260 _bNesil Yayınları,
_c2014
300 _a96 s.
650 _aHistorical fiction, Turkish.
650 _aTarihi roman, Türk.
942 _2ddc
_cBK
999 _c11386
_d11386